Лоция Балтийского моря. Ч. 2: Средняя часть моря (Запись № 13594760)
[ простой вид ]
| 000 -МАРКЕР | |
|---|---|
| контрольное поле | 02041nam2a2200337 4500 |
| 001 - ИДЕНТИФИКАТОР ЗАПИСИ | |
| контрольное поле | rc\2918154 |
| 005 - ИДЕНТИФИКАТОР ВЕРСИИ | |
| контрольное поле | 20260406004615.0 |
| 010 ## - МЕЖДУНАРОДНЫЙ СТАНДАРТНЫЙ НОМЕР КНИГИ (ISBN) | |
| Уточнения | В пер. |
| Цена | 8 р. |
| Тираж | 3000 |
| 021 ## - НОМЕР ГОСУДАРСТВЕННОЙ РЕГИСТРАЦИИ | |
| Код страны | Российская Федерация |
| Номер | [36 Л2639] |
| 035 ## - ДРУГИЕ СИСТЕМНЫЕ НОМЕРА | |
| Идентификатор записи | (NLR Aleph) 007068457 |
| 100 ## - ДАННЫЕ ОБЩЕЙ ОБРАБОТКИ | |
| Данные общей обработки | 20110811d1936 k y0rusy50 ca |
| 101 0# - ЯЗЫК РЕСУРСА | |
| Язык текста, звукозаписи и т.д. | русский |
| 102 ## - СТРАНА ПУБЛИКАЦИИ ИЛИ ПРОИЗВОДСТВА | |
| Страна публикации | Российская Федерация |
| 105 ## - ПОЛЕ КОДИРОВАННЫХ ДАННЫХ: ТЕКСТОВЫЕ МАТЕРИАЛЫ, МОНОГРАФИЧЕСКИЕ | |
| Кодированные данные о монографическом текстовом документе | ad g ||||| |
| 200 1# - ЗАГЛАВИЕ И СВЕДЕНИЯ ОБ ОТВЕТСТВЕННОСТИ | |
| Основное заглавие | Средняя часть моря |
| Первые сведения об ответственности | Гидрографический отдел УМС РККА |
| Последующие сведения об ответственности | [лоция составлена К.С. Уховым |
| -- | Физико-географический обзор Балтийского моря составил Л.Ф. Рудовиц |
| -- | общее редактирование выполнено А.Г. Гедримовичем] |
| 210 ## - ПУБЛИКАЦИЯ, РАСПРОСТРАНЕНИЕ И ДР. | |
| Место издания, распространения и т.д. | Ленинград |
| Имя издателя, распространителя и т. д. | Издательство и картотипография Гидрографического отдела УМС РККА |
| Дата издания, распространения и т.д. | 1936 |
| 215 ## - ФИЗИЧЕСКАЯ ХАРАКТЕРИСТИКА | |
| Специфическое обозначение материала и объем | Переплет, XXXVI, 299 с., 3 вкл. л. карт. и табл. |
| Другие сведения о физической характеристике | ил., карт., табл. |
| 300 ## - ОБЩИЕ ПРИМЕЧАНИЯ | |
| Текст примечания | Авторы указаны в предисловии |
| 461 #0 - УРОВЕНЬ НАБОРА | |
| Встроенное поле | 001rc\2918150 |
| -- | 2001#$aЛоция Балтийского моря$fГидрогр. упр. РККФ$vЧ. 2 |
| Системный номер (АБИС) связанной записи | 6356142 |
| Место публикации | Ленинград |
| Дата публикации | 1936-1960 |
| Первые сведения об ответственности | Гидрографическое управление РККФ |
| Имя издателя, распространителя и т.д. | Картотипография Гидрографического управления РККФ |
| Заглавие | Лоция Балтийского моря |
| Номер тома | Ч. 2 |
| 607 ## - ГЕОГРАФИЧЕСКОЕ НАИМЕНОВАНИЕ КАК ПРЕДМЕТ | |
| Географическое наименование | Балтийское море |
| Тематический подзаголовок | Лоция |
| Системный номер авторитетной/нормативной записи | 1088397 |
| Идентификатор авторитетной/нормативной записи | RU\NLR\AUTH\66107573 |
| 686 1# - ИНДЕКСЫ ДРУГИХ КЛАССИФИКАЦИЙ | |
| Индекс | О471.12,1(922.0) |
| 702 #1 - ИМЯ ЛИЦА - ВТОРИЧНАЯ ОТВЕТСТВЕННОСТЬ | |
| Начальный элемент ввода | Ухов |
| Часть имени, кроме начального элемента ввода | К. С. |
| Расширение инициалов личного имени | Константин Сергеевич |
| Код отношения | Составитель |
| 702 #1 - ИМЯ ЛИЦА - ВТОРИЧНАЯ ОТВЕТСТВЕННОСТЬ | |
| Код отношения | Составитель |
| Материалы, к которым относится поле | rus |
| Графика поля | Кириллица |
| Начальный элемент ввода | Рудовиц |
| Часть имени, кроме начального элемента ввода | Л. Ф. |
| Даты | 1879-1966 |
| Расширение инициалов личного имени | Лео Фрицович |
| Идентификатор авторитетной/нормативной записи | RU\NLR\AUTH\77114127 |
| Системный номер авторитетной/нормативной записи | 97052 |
| 702 #1 - ИМЯ ЛИЦА - ВТОРИЧНАЯ ОТВЕТСТВЕННОСТЬ | |
| Начальный элемент ввода | Гедримович |
| Часть имени, кроме начального элемента ввода | А. П. |
| Даты | 1884-1953 |
| Расширение инициалов личного имени | Александр Петрович |
| Код отношения | Редактор |
| 801 #0 - ИСТОЧНИК ЗАПИСИ | |
| Страна | Российская Федерация |
| Организация | NLR |
| Правила каталогизации | psbo |
| 801 #1 - ИСТОЧНИК ЗАПИСИ | |
| Страна | Российская Федерация |
| Организация | ELAR |
| Источник данных | rusmarc |
| 852 ## - МЕСТОНАХОЖДЕНИЕ И ШИФР ХРАНЕНИЯ | |
| Идентификатор организации | NLR |
| Шифр хранения (Call Number) | 36-19/42 (2) |
| 942 ## - ДОПОЛНИТЕЛЬНЫЕ ЭЛЕМЕНТЫ ЗАПИСИ (АБИС) | |
| Тип экземпляра АБИС | Неопределено |
| 980 ## - КОЛЛЕКЦИЯ | |
| Название коллекции | Национальная библиография |
Нет доступных экземпляров.